000 01645nac a22003491u 4500
010 _a 2005024200
020 _a0521852781 (hardcover : alk. paper)
020 _a0521617987 (pbk. : alk. paper)
020 _a9780521617987
020 _a9780521852784
035 _a(OCoLC)ocm61361581
082 0 0 _a364.10660977866
_bJAC
090 _c6422
_d6422
100 _aJacobs, Bruce A.
245 1 0 _aStreet justice :
_bretaliation in the criminal underworld /
_cBruce A. Jacobs, Richard Wright.
260 _aCambridge ;
_aNew York :
_bCambridge University Press,2006
_c2006.
300 _axii, 154 p. ;
_c23 cm.
490 1 _aCambridge studies in criminology
500 _adistributer: Al-Ahram
504 _aIncludes bibliographical references (p. 137-148) and index.
505 0 _aBackground and methods -- The retaliatory ethic -- A typology of criminal retaliation -- Gender and retaliation (with Christopher Mullins) -- Imperfect retaliation -- Retaliation in perspective.
511 _acatalogued by: wessam
650 0 _aGangs
_zMissouri
_zSaint Louis.
650 0 _aVendetta
_zMissouri
_zSaint Louis.
650 0 _aRevenge.
700 1 _aWright, Richard,
_d1951-
830 0 _aCambridge studies in criminology (Cambridge University Press)
856 4 1 _3Table of contents
_uhttp://www.loc.gov/catdir/toc/ecip0517/2005024200.html
856 4 1 _3Publisher description
_uhttp://www.loc.gov/catdir/enhancements/fy0633/2005024200-d.html
856 4 1 _3Contributor biographical information
_uhttp://www.loc.gov/catdir/enhancements/fy0733/2005024200-b.html
942 _cBB
_k364.10660977866JAC
999 _c6422
_d6422